Mediterranean Geography by Letter - C - Statistics

General Stats
  • This quiz has been taken 1,215 times
  • The average score is 8 of 15
Answer Stats
Hint Answer % Correct
Country split between Turkish and Greek factions? Cyprus
96%
Island which hosted the Minoan civilization? Crete
91%
Autonomous region of Eastern Spain? Catalonia
90%
Home island of Napoleon? Corsica
89%
City on the French Riviera that is known for its annual film festival? Cannes
88%
Old name for Istanbul? Constantinople
87%
Country with one of the longest coastlines in the world? Croatia
70%
What people from the above are called? Cypriots
70%
The tenth largest city in Italy and capital of a province in Sicily? Catania
33%
'Castle' capital of Sardinia? Cagliari/Casteddu
32%
Greek archipelago? (Hint - Bike) Cyclades
30%
Greek island famed for plant resin? (By the name of mastic or Arabic gum) Chios
12%
Deepest point in the Mediterranean? Calypso Deep
4%
Longest and most important river in Algeria? Chelif River
3%
Speckled moth also known as Doomsday moth? Crimson Speckled Moth
2%
No matching quizzes found
Score Distribution
Percent of People with Each Score
Percentile by Number Answered
Your Score History
You have not taken this quiz